Footballeurs Ligue 1 depuis 2010 - Statistiques

Statistiques générales
  • Ce quiz a été pris 115 fois
  • Le résultat moyen est 7 sur 16
Statistiques - réponses
Par images Réponse % Correct
Bernat
89%
Bodmer
88%
Tremoulinas
74%
Pepe
60%
Malbranque
46%
Benezet
39%
Aliadiere
35%
Araujo
35%
Baal
33%
Corgnet
33%
Pereira
33%
Isla
28%
Agassa
21%
Alakouch
20%
Ayité
12%
Audel
11%
Aucun quiz correspondant
Distribution des résultats
% des personnes avec chaque résultat
Percentile par nombre de réponses
Votre historique - résultats
Vous n’avez pas pris ce quiz